Denominazione di "Habemus Papam Leone XIV" - Statistics

Statistiche generali
  • Questo quiz è stato fatto 25 volte
  • Il punteggio medio è 16 su 20
Statistiche sulle risposte
Risposta % Corretto
H
100%
A
94%
B
94%
E
94%
M
94%
A
88%
P
88%
P
88%
S
88%
U
88%
A
81%
M
75%
E
69%
E
69%
L
69%
N
69%
O
69%
X
50%
I
44%
V
44%
Nessun quiz corrispondente trovato
Distribuzione punteggi
Percentuale di utenti per punteggio
Percentile per numero di risposta
I tuoi punteggi nel tempo
Non hai fatto questo quiz